000 00485nam a2200181Ia 4500
005 20250508152152.0
008 008 250505s9999 xx 000 0 hin d
037 _aTextual
040 _aFEDL
_beng
_cFEDL
041 _ahin
_2eng
084 _aFH, UMA
_qFEDL
100 _aUma Shankar
245 0 _aPeshwa ki kanchani: Etihasik upanyas
260 _aKanpur, India
_bBharti Pratishthan
_c1958
300 _a150p
942 _cTEXL
_hFH, UMA
999 _c1334715
_d1334715